000 00600nam a2200229Ia 4500
003 OSt
005 20221007074537.0
006 a|||||r|||| 00| 0
007 ta
008 221006b |||||||| |||| 00| 0 eng d
024 _a41,950
037 _cTextual
040 _aFLL
_cFLL
_beng
041 _2eng
_aeng
082 _aZ2,8, Q2
100 _aPalkivala Nani
_9693000
245 0 _aCourtroom Genius
260 _aNagpur
_bLexisNexis Butterworths Wadhwa India
_c2012
300 _axxiii,461p
_ccm.
942 _hZ2,8, Q2
_cTEXL
_2CC
999 _c1152767
_d1152767